000 00421nam a2200169Ia 4500
001 11154
005 20260306161925.0
008 260306t9999||||xx |||||||||||||| ||spa||
041 _aESP
082 _a985.01
_bB77
100 _aBouroncle Carreón, Alfonso
_eAUT
245 0 _aDel ocaso del Tiahuanacu a los orígenes de Machu Picchu
300 _a
_c
650 _aGEN
654 _aCHU
942 _cLIB
_dJUS
_fJUS
_2ddc
_n
999 _c11154
_d11154